00374nam a2200145Ia 4500008004100000082001700041100001300058245005300071250000800124260002700132300001200159500002500171650001500196700001700211230524s9999 xx 000 0 und d a658.132bGOR aE.Gordon 0a"Banking: Theory,Law and Practice, 21st rev ed." aIST aMUMBAIbHimalayac2009 aXVI;629 aQuantity Number: 35 aManagement a K.Natarajan